00992nam a2200229Ia 4500003000900000008004100009020001800050040001600068080002300084111007500107245029400182260004700476300001500523490002800538650004100566650002000607650001800627700002300645700002900668700002700697710003800724IN-BaIIA211028s9999 xx 000 0 eng d a83-00-03596-6 cIIA Library a082.2:52bIAU-C128 aInternational Astronomical Union ColloquiumcPolandd1990 June 17 - 23 4aThe magnetospheric structure and emission mechanisms of radio pulsarsbproceedings of the International Astronomical Union Colloquium No.128,held in Lagow, Poland, June 17 - 23,1990cedited by Timothy H. Hankins, Joanna M. Rankin and Janusz A. Gil  aPolandbPedagogical University Pressc1992 axii, 434p. aIAU Colloquium; no. 128 aAstronomy and Astrophysics Thesaurus aOptical pulsars aRadio pulsars aGil, Janusz A. ed. aHankins, Timothy H., ed. aRankin, Joanna M., ed. aInternational Astronomical Union